000 00862nam a2200265Ia 4500
001 Para_5319
003 CHAP
008 220125s1921 xx 000 0 und d
010 _a203848
040 _cCHAP
090 _aPA FOLLETO 2660
100 _aQuaintance, A. L.
_993122
245 _aThe peach borer :
_b how to prevent or lessen its ravages the para-dichlorobenzene treatment /
_c A. L. Quaintance
260 _aWashington :
_b Department of Agriculture
300 _a14 p.
440 _aEUA. Dept. of Agriculture Farmers'bull.; 1246
_9169780
650 _aSanninoidea exiotiosa Control de plagas Insecticidas clorados Durazno
_x Plagas
_9169781
901 _aPA FOLLETO 2660
902 _aA
905 _a0000001921 WAS 0000000000 00
910 _a1921
942 _cPARA
942 _cPARA
_d1
999 _c203848
_d203848